000 00676cam a2200229 4500
001 J235
008 090401t1989 xxu||||| |||| 00| 0 eng d
035 _a(Sirsi) u73964
041 _aeng
050 _a692.8
090 _aJCT 1989/13A
110 _aJoint Contracts Tribunal
_93664
245 _aIntermediate Form of Building Contract (IFC 84): sectional completion supplement.
250 _aRevised ed.
260 _aLondon
_bRIBA Publications Ltd.
_c1989
300 _a5p. ; 30cm.
350 _a0
650 _aJCT INTERMEDIATE FORM OF BUILDING CONTRACT (1984 EDITION)
690 _aBUILT ENVIRONMENT-BUILDING CONTRACT FORMS
942 _n0
948 _c04/03/1997
999 _c95747
_d95747